Campos electromagnéticos
Gespeichert in:
| Hauptverfasser: | , , , , |
|---|---|
| Format: | Buch |
| Sprache: | Spanisch |
| Veröffentlicht: |
Ciudad de México
Alfaomega
2000
|
| Schriftenreihe: | Alfaomega, 456
|
| Schlagworte: | |
| Tags: |
Tag hinzufügen
Keine Tags, Fügen Sie den ersten Tag hinzu!
|
MARC
| LEADER | 00000nam a2200000 a 4500 | ||
|---|---|---|---|
| 001 | UCO8383 | ||
| 003 | CL-VaPUC | ||
| 008 | 001201e20000000MX |||||||||||||||||spa|d | ||
| 082 | 0 | 4 | |a 539.2 |b DIO |2 21 |
| 100 | 0 | |a Dios Ortín, Federico |e author |9 453296 | |
| 700 | 0 | |a Artigas García, David |e author |9 453297 | |
| 700 | 0 | |a Recolons Martos, Jaume |e author |9 453298 | |
| 700 | 0 | |a Comerón Tejero, Adolfo |e author |9 453299 | |
| 700 | 0 | |a Canal Bienzobas, Ferran |e author |9 453300 | |
| 245 | 1 | 0 | |a Campos electromagnéticos |
| 300 | |a 466 p | ||
| 942 | |c BK | ||
| 945 | |d 20001201 00:00:00 |a vberengu | ||
| 260 | |a Ciudad de México |b Alfaomega |c 2000 | ||
| 650 | 7 | |a CAMPOS ELECTRICOS |2 CL-VaPUC |9 453301 | |
| 650 | 0 | |a Electromagnetismo |9 260123 | |
| 650 | 0 | |a Circuitos eléctricos |9 260262 | |
| 650 | 0 | |a Antenas |9 263309 | |
| 650 | 7 | |a GUIAS DE ONDAS |2 CL-VaPUC |9 263310 | |
| 583 | |a last modification |c 20001201 00:00:00 |k Rodrigo Vera | ||
| 490 | 0 | |a Alfaomega, 456 | |
| 999 | |c 293050 |d 293048 | ||
| 952 | |0 0 |1 0 |4 0 |6 539_200000000000000_DIO_2000 |7 0 |8 A |9 344196 |a BIBING |b BIBING |d 2019-11-20 |i 3673588 |o 539.2 DIO 2000 |p 3673588 |r 2025-01-20 |w 2019-11-20 |y BK |k EIE | ||
| 952 | |0 0 |1 0 |4 0 |6 539_200000000000000_DIO_2000 |7 0 |8 A |9 344197 |a BIBING |b BIBING |d 2019-11-20 |i 3673596 |o 539.2 DIO 2000 |p 3673596 |r 2025-01-20 |w 2019-11-20 |y BK |k EIE | ||
| 952 | |0 0 |1 0 |4 0 |6 539_200000000000000_DIO_2000 |7 0 |8 A |9 344198 |a BIBING |b BIBING |d 2019-11-20 |i 367360K |o 539.2 DIO 2000 |p 367360K |r 2025-01-20 |w 2019-11-20 |y BK |k EIE | ||
| 952 | |0 0 |1 0 |4 0 |6 539_200000000000000_DIO_2000 |7 0 |8 A |9 344199 |a BIBING |b BIBING |d 2019-11-20 |i 3673618 |o 539.2 DIO 2000 |p 3673618 |r 2025-01-20 |w 2019-11-20 |y BK |k EIE | ||
| 952 | |0 0 |1 0 |4 0 |6 539_200000000000000_DIO_2000 |7 0 |8 A |9 344200 |a BIBING |b BIBING |d 2019-11-20 |i 3673626 |o 539.2 DIO 2000 |p 3673626 |r 2025-01-20 |w 2019-11-20 |y BK |k EIE | ||
| 952 | |0 0 |1 0 |4 0 |6 539_200000000000000_DIO_2000 |7 0 |8 A |9 344201 |a BIBING |b BIBING |d 2019-11-20 |i 3673634 |o 539.2 DIO 2000 |p 3673634 |r 2025-01-20 |w 2019-11-20 |y BK |k EIE | ||